| 000 | 00935nam a2200277 4500 | ||
|---|---|---|---|
| 003 | OSt | ||
| 005 | 20260601170955.0 | ||
| 008 | 260507b1975\\\\mx\a||||\||||\00|\0\spa\d | ||
| 020 | _a923301245X | ||
| 040 |
_aICI _bspa _cICI |
||
| 041 | _aspa | ||
| 050 |
_aNA702 _bS42 |
||
| 100 | 1 |
_aSegre, Roberto, _eautor _930488 |
|
| 245 | 1 |
_aAmérica Latina en su arquitectura / _crelator, Roberto Segre ; edición al cuidado de Alejandra Gómez Lara |
|
| 264 |
_aMéxico : _aParis : _bUNESCO ; _bSiglo XXI, _c1975 |
||
| 300 |
_a317 páginas : _bilustraciones |
||
| 336 |
_atexto _2rdacontent |
||
| 337 |
_asin medio _2rdamedia |
||
| 338 |
_avolumen _2rdacarrier |
||
| 490 | 0 | _aSerie "América Latina en su cultura" | |
| 500 | _aReimpresiones: (2a, 1978) | ||
| 650 |
_aArquitectura _zAmérica Latina _96736 |
||
| 650 |
_aArquitectura y sociedad _zAmérica Latina _930489 |
||
| 700 | 1 |
_aGomez Lara, Alejandra, _eeditor _930490 |
|
| 942 |
_2lcc _cB _n1 |
||
| 999 |
_c19812 _d19812 |
||